Statistics for Countries invaded by Germany in WW2

Click here to take the quiz!

General Stats

  • This quiz has been taken 66 times
  • The average score is 9 of 11

Answer Stats

HintAnswer% Correct
May 10, 1940France
100%
September 1, 1939Poland
100%
April 9, 1940Denmark
93%
May 10, 1940Belgium
89%
May 10, 1940Netherlands
87%
April 9, 1940Norway
85%
May 10, 1940Luxembourg
81%
April 6, 1941Greece
76%
March 15, 1939Czechoslovakia
74%
June 22, 1941Soviet Union
74%
April 6, 1941Yugoslavia
69%

Score Distribution

Percentile by Number Answered

Percent of People with Each Score

Your Score History

You have not taken this quiz